| 000 | 00392nam a22001457a 4500 | ||
|---|---|---|---|
| 020 | _a9780060537142 | ||
| 040 | _cNUST | ||
| 082 |
_a823-CH _bPRE |
||
| 100 |
_aPrelutsky, Jack _982280 |
||
| 110 |
_aHafner, Marylin _982281 |
||
| 245 | _aIts Valentines Day Reading 3 Alone I Can Read | ||
| 260 |
_aNew York: _bHarper Collins Publisher, _c2013. |
||
| 650 | _aEnglish Fiction | ||
| 942 |
_2ddc _cBK |
||
| 999 |
_c586446 _d586446 |
||